Les fleurs symboliques - Statistiques

Statistiques générales
  • Ce quiz a été pris 95 fois
  • Le résultat moyen est 9 sur 16
Statistiques - réponses
Catégories Hint Réponse % Correct
Pays et régions Emblème de la royauté française Le lys
95%
Pays et régions Fleur nationale irlandaise, associée à la chance Le trèfle
91%
Pays et régions Fleur nationale anglaise, son nom est associée à une guerre civile La rose
90%
Pays et régions Fleur emblématique des Pays-Bas, à l'origine d'une bulle spéculative au XVIIe siècle La tulipe
84%
Pays et régions Fleur associée à la Provence La lavande
80%
Culture Fleur parfois utilisée lors d'un jeu enfantin pour savoir à quel point l'on aime quelqu'un La pâquerette
62%
Pays et régions Fleur nationale écossaise Le chardon
62%
Pays et régions Fleur associée à la montagne et symbole de l'Autriche et de la Suisse L'edelweiss
62%
Histoire Fleur symbole de la résistance néerlandaise durant la Seconde Guerre mondiale La marguerite
58%
Histoire Fleur ayant donnée son nom à une révolution au Portugal L’œillet
54%
Histoire Fleur associée à la Première Guerre mondiale en France, et notamment aux gueules cassées Le bleuet
47%
Histoire Fleur associée à la mémoire des soldats britanniques tombés au combat durant la Première Guerre mondiale Le coquelicot
46%
Pays et régions Fleur nationale galloise La jonquille
27%
Pays et régions Fleur très cultivée en Ukraine, dont elle est l'un des symboles Le tournesol
25%
Histoire Fleur ayant donné son nom à une révolution en Tunisie Le jasmin
22%
Pays et régions Emblème de la famille impériale japonaise Le chrysanthème
20%
Aucun quiz correspondant
Distribution des résultats
% des personnes avec chaque résultat
Percentile par nombre de réponses
Votre historique - résultats
Vous n’avez pas pris ce quiz